Jedes Schulfach eine Frage - G - Statistiken

Allgemein
  • Dieses Quiz wurde 380 mal gespielt
  • Das Durchschnittsergebnis liegt bei 11 aus 17
Antwortstatistiken
Schulfach Frage Antwort % Korrekt
Mathematik Werkzeug zum Messen von Winkeln in Form eines Dreiecks Geodreieck
98%
Englisch "grün" auf Englisch green
98%
Chemie Neben fest und flüssig einer der drei Aggregatzustände gasförmig
92%
Deutsch Der "2. Fall" Genitiv
92%
Informatik Meistverwendete Suchmaschine der Welt Google
92%
Sport Ballsportart, bei welcher es darum geht, einen Ball in möglichst wenigen Zügen mit einem Schläger in ein Loch zu befördern Golf
91%
Musik Musikinstrument, welches auch unter dem Namen "Violine" bekannt ist Geige
89%
Biologie Teil der weiblichen Geschlechtsorgane, in welchem ein Baby nach Befruchtung der Eizelle heranreift Gebärmutter
88%
Religion Name des Erzengels, der Maria in der Bibel die Geburt Jesu verkündet Gabriel
75%
Erdkunde Wissenschaft, in welcher man sich vor allem mit der Erdkruste, Gesteinen sowie Erdöl und -gas beschäftigt Geologie
75%
Geschichte Hinrichtungsmethode, durch welche unter anderem Ludwig XVI., Marie-Antoinette und Maximilien de Robespierre enthauptet wurden Guillotine
59%
Physik Begriff, welcher beschreibt, wie schnell und in welche Richtung ein Körper seine Position verändert, und welcher neben Ort und Beschleunigung einer der grundlegenden Begriffe der Kinematik ist Geschwindigkeit
51%
Französisch "Kuchen" auf Französisch gâteau
34%
Politik AfD-Politiker, der unter anderem durch Zitate wie "Das dritte Reich war ein Vogelschiss" oder "Wir werden sie jagen" an Bekanntheit errang Alexander Gauland
33%
Latein "Ruhm"/"Ehre" auf Lateinisch gloria
25%
Philosophie Bekannter Satz, welchen man vor allem mit dem Philosophen Friedrich Nietzsche verbindet Gott ist tot
18%
Kunst Gemälde von Sandro Botticelli, welches die Ankunft der Göttin Venus an der Küste von Paphos darstellt Die Geburt der Venus
16%
Keine übereinstimmenden Quizze gefunden
Verteilung der Resultate
Anzahl Personen mit jedem Resultat
Perzentil nach korrekt beantworteten Fragen
Ihre Resultats-Entwicklung
Sie haben dieses Quiz noch nicht gespielt